แสดงรายละเอียดบรรณานุกรม
  กลับหน้าหลัก

Brief Record : Get Marc (ISO 2709) : E-mail record : QR code ปิดหน้าต่าง
E-books : เกี่ยวกับ Collections
LEADER 00000nam 2200000uu 4500
001    211933
003     ULIBM
008    180417s||||||||th 000 0 tha d
020    ^a978-611-7120-06-0
040    ^abcnkk
041    ^atha
090    ^aนว ณ342ย 2552
100 0  ^aณัฐภัทรา
245 00 ^aยอดรักนักสืบ/^cณัฐภัทรา :แปล
260    ^aกรุงเทพฯ :^bเกรซลิชชิ่ง,^c2552
300    ^a222 หน้า ;^c21 ซม
440    ^aนิยายลำดับที่ 27
650  0 ^aนวนิยาย--^xไทย
999    ^aใช้งานได้ทุกระบบ
รายการนี้ยังไม่มีแท็ก
คุณยังไม่ได้ล็อกอิน คุณสามารถมีกิจกรรมร่วมกับเว็บไซต์ได้ แต่ต้องล็อกอินก่อน ::
  ล็อกอิน
ลำดับที่ ประเภท เลขเรียก สถานที่ สถานะ
1. นวนิยาย
นวนิยาย
นว ณ342ย 2552 ฉ.1 
  
ชั้นนวนิยาย On Shelf
  ขอยืม
Note:บริจาค
   [แสดง 1/1 รายการ]

BibComment


ยังไม่เคยถูกคอมเมนท์

คอมเมนท์ทรัพยากรรายการนี้
  คอมเมนท์: ยอดรักนักสืบ ณัฐ..
Bib 211933

 
 
 

 Union Library Management : ULibM
Copyright 2026. All Rights Reserved.
скачать бесплатно без регистрации порно красивый секс HD Sex Hindi sex

xxx gou

xxxx

bfxxx

xxxwww

Секса Видео

xxxx

Секса Видео

detube

geilexxx

C99 Shell

worms shell

blod xxx video
Ebony Coed Rihanna Rimes Takes A Dick In Her Young Twat priyaa indian fuck anal and pusssy hardcore indian women xxx desi hardcore fucking part 1 bengalixxxcouple